[Event "AUTO-INT-3683"]
[Site "http://www.queenalice.com/game.php?id=1772553"]
[Date "2021.10.18"]
[Round "2"]
[White "Elcid"]
[Black "andrevillares"]
[Result "0-1"]
[WhiteElo "1916"]
[BlackElo "1878"]

1. Nf3 d5 2. b3 c5 3. Bb2 Nc6 4. e3 Nf6 5. Bb5 a6 6. Bxc6+ bxc6 7. Ne5 Qc7 8.
O-O e6 9. d3 Bd6 10. f4 O-O 11. Rf3 Nd7 12. Nxd7 Bxd7 13. Rg3 f6 14. Qg4 Bc8 15.
Nd2 a5 16. a4 e5 17. Rf1 Bxg4 18. Rxg4 exf4 19. exf4 Rae8 20. c4 d4 21. Ne4 f5
22. Nxd6 fxg4 23. Nxe8 Rxe8 24. Ba3 Qb6 25. Rb1 Re2 0-1

[Event "AUTO-INT-3683"]
[Site "http://www.queenalice.com/game.php?id=1772558"]
[Date "2021.10.18"]
[Round "2"]
[White "Elcid"]
[Black "SamuraiJOM"]
[Result "0-1"]
[WhiteElo "1734"]
[BlackElo "1724"]

1. Nf3 Nf6 2. b3 d5 3. Bb2 h6 4. e3 Bf5 5. c4 dxc4 6. Bxc4 Nc6 7. d4 e6 8. O-O
Qd6 9. Nc3 O-O-O 10. Nb5 Qe7 11. Re1 e5 12. d5 Na5 13. Nxe5 Nxc4 14. bxc4 Kb8
15. Rc1 Nd7 16. Nxd7+ Bxd7 17. Qd4 b6 18. Ba3 Qf6 19. Qxf6 gxf6 20. Bb2 Bg7 21.
a4 a6 22. Nxc7 Kxc7 23. Ra1 Kd6 24. Rac1 Bxa4 25. Ba3+ Ke5 26. f4+ Ke4 27. Kf2
f5 28. d6 h5 29. h4 Bf6 30. g3 Bg7 31. c5 bxc5 32. Rc4+ Kd5 33. Rxa4 Rxd6 0-1

[Event "AUTO-INT-3683"]
[Site "http://www.queenalice.com/game.php?id=1772559"]
[Date "2021.10.18"]
[Round "2"]
[White "SamuraiJOM"]
[Black "Elcid"]
[Result "1-0"]
[WhiteElo "1740"]
[BlackElo "1718"]

1. e4 e6 2. d4 d5 3. Nc3 Nf6 4. f3 c6 5. exd5 exd5 6. h3 Bd6 7. Nge2 Qc7 8. f4
O-O 9. Be3 Re8 10. Qd3 Na6 11. g3 Nb4 12. Qd2 Bf5 13. O-O-O Nxc2 14. g4 Nxe3 15.
Re1 Nc4 16. Qd1 Bd7 17. Na4 Ne4 18. Rh2 Bb4 19. Nac3 Ne3 20. Qb3 a5 21. a4 Nxc3
22. bxc3 Bd6 23. g5 Bxf4 24. Nxf4 Qxf4 25. Rd2 Nxf1 26. Rxf1 Qxf1+ 27. Rd1 Re1
28. Qc2 Rxd1+ 29. Qxd1 Qxd1+ 30. Kxd1 Bxh3 31. Ke2 Re8+ 32. Kf3 b5 33. axb5 1-0

[Event "AUTO-INT-3689"]
[Site "http://www.queenalice.com/game.php?id=1774269"]
[Date "2021.11.8"]
[Round "2"]
[White "Elcid"]
[Black "SamuraiJOM"]
[Result "0-1"]
[WhiteElo "1689"]
[BlackElo "1769"]

1. Nf3 d5 2. b3 Nf6 3. Bb2 h6 4. e3 Nc6 5. Bb5 a6 6. Bxc6+ bxc6 7. d4 e6 8. O-O
Bd6 9. Nbd2 c5 10. c4 Bb7 11. cxd5 exd5 12. dxc5 Bxc5 13. Rc1 a5 14. Rxc5 Ba6
15. Re1 Bd3 16. Ne5 Bb5 17. Rxb5 Qd6 18. Ndf3 c6 19. Rb6 Qc7 20. Rxc6 Qb7 21.
Qc2 O-O 22. Rc7 Rac8 23. Rxc8 Rxc8 24. Qd3 a4 25. Rc1 axb3 26. Rxc8+ Qxc8 0-1

[Event "AUTO-INT-3689"]
[Site "http://www.queenalice.com/game.php?id=1774270"]
[Date "2021.11.8"]
[Round "2"]
[White "SamuraiJOM"]
[Black "Elcid"]
[Result "1-0"]
[WhiteElo "1755"]
[BlackElo "1703"]

1. e4 e6 2. f4 d5 3. Nc3 Nf6 4. d3 b6 5. a3 Bb7 6. Qf3 Be7 7. Bd2 c5 8. e5 Nfd7
9. O-O-O Nc6 10. Nge2 O-O 11. f5 Ncxe5 12. Qh5 Nf6 13. Qh3 Qd7 14. d4 Nc4 15.
fxe6 fxe6 16. Nf4 e5 17. Qxd7 Nxd7 18. Nfxd5 Bxd5 19. Nxd5 Bd6 20. Bxc4 exd4 21.
Nc7+ Kh8 22. Nxa8 Rxa8 23. g3 Ne5 24. Bd5 Rf8 25. Rhf1 Re8 26. Bc6 Nxc6 27. Bf4
1-0

[Event "AUTO-INT-3678"]
[Site "http://www.queenalice.com/game.php?id=1775376"]
[Date "2021.11.22"]
[Round "2"]
[White "Elcid"]
[Black "zmanomega"]
[Result "1-0"]
[WhiteElo "1917"]
[BlackElo "1523"]

1. Nf3 d6 2. d4 e6 3. e3 Nf6 4. b3 Ne4 5. Bb2 Qf6 6. Be2 d5 7. O-O Nd7 8. c4 Nb6
9. cxd5 Nxd5 10. Nbd2 Nxd2 11. Qxd2 Bb4 12. Qc2 Bd6 13. a3 h6 14. b4 g5 15. Ne5
h5 16. Rac1 Bxe5 17. dxe5 Qg7 18. Rfd1 g4 19. Bc4 Ne7 20. Qd3 O-O 21. Ba2 Nc6
22. Qe4 a5 23. Bb1 axb4 24. axb4 b6 25. Rxc6 Ra7 26. Rdc1 Bd7 27. Rxc7 Rxc7 28.
Rxc7 Rd8 29. Qb7 Be8 30. Bc2 Rd2 31. Qxb6 Ba4 32. Rc8+ Qf8 33. Rxf8+ Kxf8 34.
Qc5+ Kg7 35. Bxa4 Rxb2 36. g3 f5 37. exf6+ 1-0

[Event "AUTO-INT-3678"]
[Site "http://www.queenalice.com/game.php?id=1775377"]
[Date "2021.11.22"]
[Round "2"]
[White "zmanomega"]
[Black "Elcid"]
[Result "1-0"]
[WhiteElo "1599"]
[BlackElo "1909"]

1. e4 e6 2. d4 d5 3. b3 dxe4 4. Qh5 Nf6 5. Qh3 Qxd4 6. c3 Qd8 7. Nd2 Be7 8. Bc4
b6 9. Ne2 Bb7 10. b4 O-O 11. Ng3 Nbd7 12. Bb2 c5 13. Ba3 Rc8 14. b5 Ne5 15. Be2
Nd3+ 16. Kf1 Nf4 17. Qh4 Nxe2 18. Kxe2 Qd3+ 19. Ke1 Rfd8 20. Rd1 Qxc3 21. Bc1
Rd7 22. Qg5 Rcd8 23. Ne2 Qb4 24. f3 exf3 25. gxf3 Bxf3 26. Rg1 g6 27. Rf1 Bh5
28. Rf4 Qxb5 29. Nc3 Qc6 30. Ne2 Bxe2 31. Kxe2 Qb5+ 32. Ke1 Qc6 33. Qg1 e5 34.
Rf2 Rd4 35. h3 R8d5 36. Re2 Ne4 37. Qe3 Bh4+ 38. Kf1 Nxd2+ 39. Rexd2 Rxd2 40.
Bxd2 Qf6+ 41. Kg1 Bg5 42. Qe2 Bxd2 43. Rxd2 Qg5+ 44. Kf1 1-0

[Event "AUTO-INT-3678"]
[Site "http://www.queenalice.com/game.php?id=1775378"]
[Date "2021.11.22"]
[Round "2"]
[White "Elcid"]
[Black "Archer"]
[Result "0-1"]
[WhiteElo "1751"]
[BlackElo "1715"]

1. Nf3 e6 2. b3 Bc5 3. Bb2 f6 4. e3 a6 5. Be2 b5 6. O-O Nc6 7. d4 Bb6 8. Nbd2 d5
9. Rc1 Nh6 10. a3 b4 11. a4 a5 12. c4 bxc3 13. Rxc3 Nb4 14. Qc1 Na2 15. Qc2 Nxc3
16. Bxc3 Ba6 17. Bd3 Bxd3 18. Qxd3 O-O 19. Rc1 Qd6 20. h3 Rf7 21. e4 e5 22. dxe5
fxe5 23. Bxe5 Qd7 24. exd5 Re8 25. Nc4 Ref8 26. Nxb6 cxb6 27. Ng5 Rf5 28. Rc7
Qxc7 29. Bxc7 Rxg5 30. d6 Nf5 31. d7 Rxg2+ 32. Kxg2 h5 0-1

[Event "AUTO-INT-3678"]
[Site "http://www.queenalice.com/game.php?id=1775379"]
[Date "2021.11.22"]
[Round "2"]
[White "Archer"]
[Black "Elcid"]
[Result "1-0"]
[WhiteElo "1696"]
[BlackElo "1770"]

1. e4 e6 2. d4 d5 3. e5 c5 4. Nf3 Qb6 5. Na3 Bd7 6. Ng5 h6 7. Qh5 g6 8. Qh4 cxd4
9. Bd3 Bg7 10. f4 Nc6 11. O-O Nge7 12. Nb5 Nf5 13. Nd6+ Kf8 14. Bxf5 hxg5 15.
Qxg5 exf5 16. Qg3 Bh6 17. a3 d3+ 18. Kh1 dxc2 19. b4 Qa6 20. Bb2 Rd8 21. Rac1
Ne7 22. Rf2 Ba4 23. h4 Rh7 24. Qe3 Bg7 25. b5 Qa5 26. Rcxc2 Bxc2 27. Rxc2 Rxh4+
28. Kg1 Qb6 29. Bd4 Qa5 30. Nxb7 Qxb5 31. Nd6 Rg4 32. Nxb5 1-0

[Event "AUTO-INT-3651"]
[Site "http://www.queenalice.com/game.php?id=1778290"]
[Date "2021.12.25"]
[Round "2"]
[White "Elcid"]
[Black "Archer"]
[Result "0-1"]
[WhiteElo "1813"]
[BlackElo "1653"]

1. Nf3 e6 2. b3 d5 3. Bb2 Nh6 4. e3 Bb4 5. Be2 a6 6. O-O Nc6 7. Bxg7 Rg8 8. Bxh6
Qf6 9. Bf4 Qe7 10. c3 Ba5 0-1

[Event "AUTO-INT-3651"]
[Site "http://www.queenalice.com/game.php?id=1778291"]
[Date "2021.12.25"]
[Round "2"]
[White "Archer"]
[Black "Elcid"]
[Result "1-0"]
[WhiteElo "1675"]
[BlackElo "1791"]

1. e4 c6 2. d4 d5 3. e5 c5 4. dxc5 e6 5. Be3 Nc6 6. Nf3 Nge7 7. Ng5 Nxe5 8. f4
N5g6 9. Nc3 Bd7 10. Bd3 Qc7 11. g3 1-0